Mahabali Hanuman (Record no. 19776)

MARC details
000 -LEADER
fixed length control field 02673ngm a2200457 4500
003 - CONTROL NUMBER IDENTIFIER
control field dpl
005 - DATE AND TIME OF LATEST TRANSACTION
control field 20081212151240.0
007 - PHYSICAL DESCRIPTION FIXED FIELD--GENERAL INFORMATION
fixed length control field DVD
008 - FIXED-LENGTH DATA ELEMENTS--GENERAL INFORMATION
fixed length control field ||||||sp199 xxu|||||c ||| 00| 0 ng d
010 ## - LIBRARY OF CONGRESS CONTROL NUMBER
LC control number DVD-001402-1403 & DVD-005686-5690
024 ## - OTHER STANDARD IDENTIFIER
Standard number or code SHE DVD 184
Terms of availability 169.00
035 ## - SYSTEM CONTROL NUMBER
System control number DVD-001402-1403
035 ## - SYSTEM CONTROL NUMBER
System control number DVD-005686-5690
040 ## - CATALOGING SOURCE
Original cataloging agency DPL
Transcribing agency DPL
082 ## - DEWEY DECIMAL CLASSIFICATION NUMBER
Classification number DVD / MAHA
245 ## - TITLE STATEMENT
Title Mahabali Hanuman
Statement of responsibility, etc Homi Wadia Presents
Medium [videorecording] DVD/
260 ## - PUBLICATION, DISTRIBUTION, ETC. (IMPRINT)
Name of publisher, distributor, etc Shemaroo Video Pvt. Ltd.
300 ## - PHYSICAL DESCRIPTION
Extent 1 videodisc DVD; (131 min.) :
Other physical details sd., col. ;
Dimensions 4 3/4 in.
Type of unit DVD
440 ## - SERIES STATEMENT/ADDED ENTRY--TITLE
Title Shemaroo Home Entertainment
500 ## - GENERAL NOTE
General note Digitally Re-Mastered From the Original Film
538 ## - SYSTEM DETAILS NOTE
System details note Dolby Digital 5.1 - Hindi Subtitles: English
538 ## - SYSTEM DETAILS NOTE
System details note Anamorphic Wide Screen Format, Presented 2:35.1 Aspect Ratio Enhancaead for 16:9 Wide Screen
650 ## - SUBJECT ADDED ENTRY--TOPICAL TERM
Topical term or geographic name as entry element Motion Picture
700 ## - ADDED ENTRY--PERSONAL NAME
Personal name Mistry, Babubhai
700 ## - ADDED ENTRY--PERSONAL NAME
Personal name Kamlakant
700 ## - ADDED ENTRY--PERSONAL NAME
Personal name Pandey, Rakesh
700 ## - ADDED ENTRY--PERSONAL NAME
Personal name Kavita Kiran
700 ## - ADDED ENTRY--PERSONAL NAME
Personal name Desai, Manhar
700 ## - ADDED ENTRY--PERSONAL NAME
Personal name Anjana
700 ## - ADDED ENTRY--PERSONAL NAME
Personal name Raj Kumar
942 ## - ADDED ENTRY ELEMENTS (KOHA)
Koha item type CD-ROMs, DVDs, VHS
Source of classification or shelving scheme Dewey Decimal Classification
Classification part DVD
Call number suffix MAHA
Holdings
Withdrawn status Lost status Source of classification or shelving scheme Damaged status Not for loan Home library Current library Date acquired Source of acquisition Cost, normal purchase price Total Checkouts Total Renewals Full call number Barcode Date last seen Date checked out Copy number Cost, replacement price Price effective from Koha item type
    Dewey Decimal Classification     Central Library Central Library 12/12/2008 Purchase 169.00 40 2 DVD MAHA DVD-001402 02/08/2013 12/07/2013 1 169.00 12/12/2008 CD-ROMs, DVDs, VHS
    Dewey Decimal Classification     Janak Puri Janak Puri 12/02/2010 Pioneers/948/17-11-09/325/13-10-09 /30-11-09 169.00 14 1 DVD MAHA DVD-005686 24/06/2014 09/06/2014 1 169.00 12/02/2010 CD-ROMs, DVDs, VHS
    Dewey Decimal Classification     Karol Bagh Karol Bagh 12/02/2010 Pioneers/948/17-11-09/325/13-10-09 /30-11-09 169.00 6   DVD MAHA DVD-005689 15/12/2014 02/12/2014 1 169.00 12/02/2010 CD-ROMs, DVDs, VHS
    Dewey Decimal Classification     Narela Narela 12/02/2010 Pioneers/948/17-11-09/325/13-10-09 /30-11-09 169.00 3   DVD MAHA DVD-005690 13/02/2013 07/02/2013 1 169.00 12/02/2010 CD-ROMs, DVDs, VHS
    Dewey Decimal Classification     R.K.Puram-8 R.K.Puram-8 12/02/2010 Pioneers/948/17-11-09/325/13-10-09 /30-11-09 169.00 4   DVD MAHA DVD-005687 22/08/2013 08/08/2013 1 169.00 12/02/2010 CD-ROMs, DVDs, VHS
    Dewey Decimal Classification     Sarojini Nagar Sarojini Nagar 12/12/2008 Purchase 169.00 25 1 DVD MAHA DVD-001403 27/04/2016 13/04/2016 1 169.00 12/12/2008 CD-ROMs, DVDs, VHS
    Dewey Decimal Classification     Vinoba Puri Vinoba Puri 12/02/2010 Pioneers/948/17-11-09/325/13-10-09 /30-11-09 169.00 6 2 DVD MAHA DVD-005688 18/11/2010 30/10/2010 1 169.00 12/02/2010 CD-ROMs, DVDs, VHS

© Delhi Public Library
Hit Counter
free hit counter